Po starých fabrikách v konkurze vyrastá nové slovenské drevárstvo

Stav slovenského drevospracujúceho priemyslu - drevárstvo, nábytkárstvo a papierenstvo. Štvrtina domácej ťažby dreva sa vyváža. Pokles straty drevárskych podnikov a nárast tržieb v r. 1999. Hospodársky výsledok a tržby v drevárstve. Živorenie živnostníkov. Skoro všetky sprivatizované firmy sa v súča...

ver descrição completa

Na minha lista:
Detalhes bibliográficos
Autor principal: Apolen, Peter
Formato: Capítulo de Livro
Idioma:eslovaco
Assuntos:
Tags: Adicionar Tag
Sem tags, seja o primeiro a adicionar uma tag!

MARC

LEADER 00000naa a2200000 4500
001 r038142
005 20230921105307.0
041 0 |a slo 
044 |a SK 
245 1 0 |a Po starých fabrikách v konkurze vyrastá nové slovenské drevárstvo  |c Peter Apolen 
520 |a Stav slovenského drevospracujúceho priemyslu - drevárstvo, nábytkárstvo a papierenstvo. Štvrtina domácej ťažby dreva sa vyváža. Pokles straty drevárskych podnikov a nárast tržieb v r. 1999. Hospodársky výsledok a tržby v drevárstve. Živorenie živnostníkov. Skoro všetky sprivatizované firmy sa v súčasnosti nachádzajú v konkurze. Prebytok odpadového dreva. 
610 2 0 |a priemysel drevársky 
610 2 0 |a drevo 
610 2 0 |a výsledok hospodársky 
610 2 0 |a strata 
610 2 0 |a tržby 
610 2 0 |a živnostníci 
610 2 0 |a konkurzy 
610 2 0 |a odpad výrobný 
610 2 0 |a Slovensko 
610 2 0 |a 1999 
100 1 |a Apolen, Peter